Ľudské zdroje a inovácie

Definícia inovácie podľa OECD. Hodnotenie ľudských zdrojov ako generátora inovácií. Globálny index konkurencieschopnosti talentov (Global Talent Competitiveness Index - GTCI). Lídri inovácií, inovační nasledovníci, mierni inovátori a skromní inovátori a ich inovačná výkonnosť. Silné a slabé stránky...

Ausführliche Beschreibung

Gespeichert in:
Bibliographische Detailangaben
1. Verfasser: Majdúchová, Helena, 1963-
Format: Buchkapitel
Sprache:Slowakisch
Schlagworte:
Tags: Tag hinzufügen
Keine Tags, Fügen Sie das erste Tag hinzu!

MARC

LEADER 00000nla a2200000 4500
001 0241419
005 20240524071102.8
041 0 |a slo 
044 |a SK 
245 1 0 |a Ľudské zdroje a inovácie  |c Helena Majdúchová 
520 |a Definícia inovácie podľa OECD. Hodnotenie ľudských zdrojov ako generátora inovácií. Globálny index konkurencieschopnosti talentov (Global Talent Competitiveness Index - GTCI). Lídri inovácií, inovační nasledovníci, mierni inovátori a skromní inovátori a ich inovačná výkonnosť. Silné a slabé stránky inovačného vývoja Slovenska podľa European Innovation Scoreboard 2017. Príčiny nízkej inovačnej výkonnosti ľudských zdrojov na Slovensku a návrhy odporúčaní. 
610 2 0 |a inovácia 
610 2 0 |a výkonnosť inovačná 
610 2 0 |a talenty 
610 2 0 |a zdroje ľudské 
610 2 0 |a konkurencieschopnosť 
610 2 0 |a indexy 
610 2 0 |a porovnanie medzinárodné 
610 2 0 |a Slovensko 
610 2 0 |a Európska únia 
100 1 |a Majdúchová, Helena, 1963-